000
00290nam a22001337a 4500
008
180308b xxu||||| |||| 00| 0 eng d
020
_a
06712506980180
041
_a
eng
080
_a
316
100
_a
50
101
_a
SOC
245
_a
A Heritage of Heworn
_c
Cott, N.F
942
_2
udc
_c
BK
999
_c
44433
_d
44433